200 años de la publicidad en Chile
Uloženo v:
| Hlavní autor: | |
|---|---|
| Médium: | Kniha |
| Jazyk: | španělština |
| Vydáno: |
Santiago
PubliMark
2000
|
| Vydání: | 1a. ed |
| Témata: | |
| Tagy: |
Přidat tag
Žádné tagy, Buďte první, kdo vytvoří štítek k tomuto záznamu!
|
MARC
| LEADER | 00000nam a2200000 a 4500 | ||
|---|---|---|---|
| 001 | UCN0961 | ||
| 003 | CL-VaPUC | ||
| 005 | 20240529120013.0 | ||
| 008 | 010406e20000000CL |||||||||||||||||spa|d | ||
| 999 | |c 294572 |d 294570 | ||
| 020 | |a 9567921008 | ||
| 040 | |c Pontificia Universidad Católica de Valparaíso | ||
| 082 | 0 | 4 | |a 659 |b BAS |2 21 |
| 100 | 0 | |a Basis Lawner, Isidoro |e author |9 456339 | |
| 245 | 1 | 0 | |a 200 años de la publicidad en Chile |
| 250 | |a 1a. ed | ||
| 260 | |a Santiago |b PubliMark |c 2000 | ||
| 300 | |a 239 p | ||
| 583 | |a last modification |c 20140410 07:39:49 |k Rodrigo Vera | ||
| 650 | 0 | |a Publicidad |9 889100 |x Historia |z Chile | |
| 650 | 0 | |a Medios de comunicación social |9 355093 | |
| 650 | 0 | |a Campañas publicitarias |9 541388 | |
| 650 | 0 | |a Marcas comerciales |9 888655 |x Historia |z Chile | |
| 942 | |c BK |2 ddc | ||
| 945 | |d 20010406 00:00:00 |a vberengu | ||
| 952 | |0 0 |1 0 |4 0 |6 659_000000000000000_BAS_2000 |7 0 |8 A |9 347074 |a BIBCUR |b BIBCUR |d 2019-11-20 |i 3712141 |o 659 BAS 2000 |p 3712141 |r 2025-04-22 |w 2019-11-20 |y BK |k PER | ||
| 952 | |0 0 |1 0 |4 0 |6 659_000000000000000_BAS_2000 |7 0 |8 R |9 347075 |a BIBART |b BIBART |d 2019-11-20 |i 3840328 |o 659 BAS 2000 |p 3840328 |r 2025-03-13 |w 2019-11-20 |y BK_R |k ART | ||
| 952 | |0 0 |1 0 |4 0 |6 659_000000000000000_BAS_2000 |7 0 |8 A |9 347076 |a BIBCUR |b BIBCUR |d 2019-11-20 |i 4430662 |o 659 BAS 2000 |p 4430662 |r 2025-04-22 |w 2019-11-20 |y BK |k PER | ||
| 952 | |0 0 |1 0 |4 0 |6 659_000000000000000_BAS_2000 |7 0 |8 A |9 347077 |a BIBCUR |b BIBCUR |d 2019-11-20 |i 4522494 |o 659 BAS 2000 |p 4522494 |r 2025-04-22 |w 2019-11-20 |y BK |k PER | ||
| 952 | |0 0 |1 0 |4 0 |6 659_000000000000000_BAS_2000 |7 0 |8 R |9 347078 |a BIBENE |b BIBENE |d 2019-11-20 |i 4767624 |o 659 BAS 2000 |p 4767624 |r 2025-01-15 |w 2019-11-20 |y BK_R |k ICO | ||